<?xml version="1.0" encoding="UTF-8"?>
<record
    xmlns:xsi="http://www.w3.org/2001/XMLSchema-instance"
    xsi:schemaLocation="http://www.loc.gov/MARC21/slim http://www.loc.gov/standards/marcxml/schema/MARC21slim.xsd"
    xmlns="http://www.loc.gov/MARC21/slim">

  <leader>01013nam a2200241 i 4500</leader>
  <controlfield tag="001">46517</controlfield>
  <controlfield tag="003">ES-MaACL</controlfield>
  <controlfield tag="005">20250627063628.0</controlfield>
  <controlfield tag="007">t|</controlfield>
  <controlfield tag="008">030331s1858    sp           ||||1| spa d</controlfield>
  <datafield tag="100" ind1="1" ind2=" ">
    <subfield code="a">Comettant, Oscar, </subfield>
    <subfield code="d">1819-1898</subfield>
    <subfield code="9">40004</subfield>
  </datafield>
  <datafield tag="245" ind1="1" ind2="0">
    <subfield code="a">Tres a&#xF1;os en los Estados-Unidos : </subfield>
    <subfield code="b">estudio de los h&#xE1;bitos y costumbes americanas / </subfield>
    <subfield code="c">por Oscar Comettant ; traducida del franc&#xE9;s por los se&#xF1;ores Don Santiago Infante de Palacios y D. Federico Utrera.</subfield>
  </datafield>
  <datafield tag="246" ind1="2" ind2=" ">
    <subfield code="a">Tres a&#xF1;os en los Estados Unidos</subfield>
  </datafield>
  <datafield tag="260" ind1=" " ind2=" ">
    <subfield code="a">Madrid : </subfield>
    <subfield code="b">J.J.M., </subfield>
    <subfield code="c">1858 (</subfield>
    <subfield code="f">Imp. y Lit. de D. J.J. Mart&#xED;nez)</subfield>
  </datafield>
  <datafield tag="300" ind1=" " ind2=" ">
    <subfield code="a">VIII, 288 p., [4] h. de l&#xE1;m. ; </subfield>
    <subfield code="c">23 cm.</subfield>
  </datafield>
  <datafield tag="530" ind1=" " ind2=" ">
    <subfield code="a">Disponible en formato digital.</subfield>
  </datafield>
  <datafield tag="651" ind1=" " ind2="4">
    <subfield code="a">Estados Unidos-</subfield>
    <subfield code="x">Usos y costumbres.</subfield>
    <subfield code="9">173836</subfield>
  </datafield>
  <datafield tag="700" ind1="1" ind2=" ">
    <subfield code="a">Infante de Palacios, Santiago.</subfield>
    <subfield code="9">65259</subfield>
  </datafield>
  <datafield tag="700" ind1="1" ind2=" ">
    <subfield code="a">Utrera, Federico.</subfield>
    <subfield code="9">112330</subfield>
  </datafield>
  <datafield tag="852" ind1="4" ind2=" ">
    <subfield code="a">ES-MaACL</subfield>
    <subfield code="j">F-1879</subfield>
  </datafield>
  <datafield tag="856" ind1="4" ind2=" ">
    <subfield code="u">https://archive.org/details/tresadnosenlos00comerich </subfield>
    <subfield code="z">Internet Archive</subfield>
  </datafield>
  <datafield tag="999" ind1=" " ind2=" ">
    <subfield code="c">46517</subfield>
    <subfield code="d">46517</subfield>
  </datafield>
  <datafield tag="952" ind1=" " ind2=" ">
    <subfield code="0">0</subfield>
    <subfield code="1">0</subfield>
    <subfield code="4">0</subfield>
    <subfield code="7">0</subfield>
    <subfield code="8">Colecci&#xF3;n_digital</subfield>
    <subfield code="a">ATENEOM</subfield>
    <subfield code="b">ATENEOM</subfield>
    <subfield code="c">DEPO2</subfield>
    <subfield code="d">2008-01-17</subfield>
    <subfield code="e">SC</subfield>
    <subfield code="l">0</subfield>
    <subfield code="o">F-1879</subfield>
    <subfield code="p">1048921</subfield>
    <subfield code="r">2023-02-23 00:00:00</subfield>
    <subfield code="w">2023-02-23</subfield>
    <subfield code="y">MONANT</subfield>
  </datafield>
</record>
